000 00697nam a2200241Ia 4500
003 OSt
005 20220925212218.0
006 a|||||r|||| 00| 0
007 ta
008 220923b |||||||| |||| 00| 0 eng d
020 _a90 316 0147 0
037 _cGeneral Book
040 _aRTL
_cRTL
_beng
041 _2eng
_aeng
082 _aPjMJ, L7
100 _aArmstrong Daniel
_9276338
245 0 _aRoman Jakobson
_b Echoes of his scholarship
260 _aLisse
_bPeter De Ridder Press
_c1977
300 _aix,533p.
_ccm.
700 _a Schooneveld C H Van
_9276339
942 _hPjMJ, L7
_cGB
_2CC
999 _c559753
_d559753